US states & capitals Flash Cards. 426.9g
Learn state names, shapes, capital cities, abbreviations, nicknames and fun facts.
Record details
- ISBN: 9781620576045
- Physical Description: 109 Flash Cards
- Publisher: Greensboro, N.C. : Carson-Dellosa Pub. Co., ©2004.
Content descriptions
| Target Audience Note: | Ages 8 and up. |
Search for related items by subject
| Subject: | U.S. states. Capitals (Cities) > United States > States. Bingo. Educational games. Flash Cards. |
| Genre: | Realia |
Available copies
- 1 of 1 copy available at scottsboropl.
Holds
- 0 current holds with 1 total copy.
Show Only Available Copies
| Location | Call Number / Copy Notes | Barcode | Shelving Location | Status | Due Date |
|---|---|---|---|---|---|
| scottsboropl | REA US | 32269001228165 | STEM - Lab | Available | - |
| LDR | 01332crm a2200373Ma 4500 | ||
|---|---|---|---|
| 001 | 158970 | ||
| 003 | SBPL | ||
| 005 | 20220809202144.0 | ||
| 008 | 070601s2004 ncunnn g gneng d | ||
| 020 | . | ‡a9781620576045 | |
| 024 | 1 | . | ‡a044222161019 |
| 035 | . | ‡a(OCoLC)342351373 | |
| 037 | . | ‡aCD-8913 ‡bCarson-Dellosa | |
| 082 | 1 | 4. | ‡a917.3 ‡bB56 |
| 245 | 0 | 0. | ‡aUS states & capitals Flash Cards. 426.9g |
| 246 | 3 | 0. | ‡aUS states and Flash Cards |
| 246 | 3 | 0. | ‡aBingo |
| 260 | . | ‡aGreensboro, N.C. : ‡bCarson-Dellosa Pub. Co., ‡c©2004. | |
| 300 | . | ‡a109 Flash Cards | |
| 521 | 1 | . | ‡aAges 8 and up. |
| 520 | . | ‡aLearn state names, shapes, capital cities, abbreviations, nicknames and fun facts. | |
| 650 | 0. | ‡aU.S. states. | |
| 650 | 0. | ‡aCapitals (Cities) ‡zUnited States ‡xStates. | |
| 650 | 0. | ‡aBingo. | |
| 650 | 0. | ‡aEducational games. | |
| 650 | 6. | ‡aFlash Cards. | |
| 655 | 7. | ‡aRealia | |
| 710 | 2 | . | ‡aCarson-Dellosa Publishing Company. |
| 901 | . | ‡a158970 ‡b ‡c158970 ‡tbiblio | |